[Event "Buenos Aires Duchamp op 1st"]
[Site "Buenos Aires"]
[Date "2011.09.20"]
[Round "7"]
[White "Pereira, Augusto"]
[Black "Cori Quispe, Kevin Joel"]
[Result "1-0"]
[WhiteElo "2224"]
[BlackElo "1989"]
[PlyCount "62"]
[EventDate "2011.09.12"]
[EventType "swiss"]
[EventRounds "9"]
[EventCountry "ARG"]
[SourceTitle "EXT 2014"]
[Source "ChessBase"]
[SourceDate "2013.11.20"]
[SourceVersion "1"]
[SourceVersionDate "2013.11.20"]
[SourceQuality "1"]

1. d4 Nf6 2. c4 g6 3. Nc3 d5 4. Nf3 Bg7 5. Qb3 dxc4 6. Qxc4 0-0 7. e4 a6 8. Be2 b5 9. Qb3 c5 10. dxc5 Nc6 11. 0-0 b4 12. Rd1 Qa5 13. Na4 Be6 14. Qc2 b3 15. axb3 Nb4 16. Qb1 Rfd8 17. Be3 Qc7 18. Rxd8+ Rxd8 19. Bc4 Bc8 20. h3 Bb7 21. Nc3 Nd7 22. Qf1 Nc2 23. Bxf7+ Kh8 24. Rd1 Nxe3 25. fxe3 Nxc5 26. Rxd8+ Qxd8 27. Qc4 Qd6 28. Bd5 Bxd5 29. exd5 Qb6 30. b4 Nd7 31. Qc8+ Nf8 1-0

[Event "Buenos Aires Duchamp op 1st"]
[Site "Buenos Aires"]
[Date "2011.09.17"]
[Round "5"]
[White "Pereira, Augusto"]
[Black "Benedetti, Julio"]
[Result "1/2-1/2"]
[WhiteElo "2224"]
[BlackElo "2043"]
[PlyCount "79"]
[EventDate "2011.09.12"]
[EventType "swiss"]
[EventRounds "9"]
[EventCountry "ARG"]
[SourceTitle "EXT 2014"]
[Source "ChessBase"]
[SourceDate "2013.11.20"]
[SourceVersion "1"]
[SourceVersionDate "2013.11.20"]
[SourceQuality "1"]

1. d4 Nf6 2. c4 e5 3. d5 Ne4 4. Nd2 Bb4 5. Ngf3 Qe7 6. Qc2 f5 7. g3 0-0 8. Bg2 a5 9. 0-0 Nxd2 10. Nxd2 d6 11. a3 Bc5 12. b3 Na6 13. e3 Bd7 14. Bb2 g5 15. Bc3 Bb6 16. b4 axb4 17. axb4 h5 18. Nb3 h4 19. Bd2 c5 20. dxc6 Bxc6 21. Bxc6 bxc6 22. c5 dxc5 23. Rxa6 Rxa6 24. Qc4+ Qf7 25. Qxa6 Qxb3 26. Qxb6 Qd5 27. Bc3 h3 28. f3 Qa2 29. Rf2 Qb1+ 30. Rf1 Qc2 31. Rf2 Qc1+ 32. Rf1 Qxe3+ 33. Rf2 Qc1+ 34. Rf1 Qxc3 35. Qxc6 Qd4+ 36. Kh1 Kg7 37. bxc5 Rd8 38. Qe6 Qd2 39. Qxe5+ Kg6 40. Qe6+ 1/2-1/2

[Event "Metropolitano Superior op"]
[Site "Buenos Aires"]
[Date "2002.07.03"]
[Round "5.4"]
[White "Nogues, Alejandro"]
[Black "Pereira, Augusto"]
[Result "1-0"]
[WhiteElo "2214"]
[BlackElo "2258"]
[PlyCount "87"]
[EventDate "2002.06.24"]
[EventType "swiss"]
[EventRounds "7"]
[EventCountry "ARG"]
[SourceTitle "CBM 089 Extra"]
[Source "ChessBase"]
[SourceDate "2002.09.10"]
[SourceVersion "2"]
[SourceVersionDate "2002.09.10"]
[SourceQuality "1"]

1. d4 Nf6 2. c4 g6 3. Nc3 Bg7 4. Nf3 0-0 5. Bf4 d6 6. h3 Nbd7 7. e3 c6 8. Be2 Qe8 9. 0-0 e5 10. Bh2 Qe7 11. b4 Ne8 12. Rb1 Nc7 13. c5 dxc5 14. bxc5 Ne6 15. Bc4 Rd8 16. Qe2 h6 17. Rbd1 Re8 18. Rfe1 Kh7 19. Ne4 Rf8 20. Bxe6 fxe6 21. Qc4 b5 22. Qc2 Rxf3 23. gxf3 exd4 24. exd4 Qh4 25. Nd6 Qxh3 26. Nxc8 Rxc8 27. Qe4 Nf8 28. Qg4 Qxg4+ 29. fxg4 a5 30. Bd6 Re8 31. f4 Kg8 32. Bxf8 Kxf8 33. Re4 Kf7 34. Kf2 Rd8 35. Ke3 Bf8 36. Rf1 Bg7 37. f5 exf5 38. gxf5 g5 39. Rd1 Bf6 40. Re6 Rc8 41. Ke4 b4 42. d5 cxd5+ 43. Rxd5 a4 44. Rd7+ 1-0